[Event "Christmas Open"]
[Site "Zurich SUI"]
[Date "2001.12.26"]
[Round "1"]
[White "Zberg,J"]
[Black "Tukmakov,V"]
[Result "0-1"]
[WhiteElo "2155"]
[BlackElo "2572"]

1.e4 c5 2.Nf3 d6 3.d4 cxd4 4.Nxd4 Nf6 5.Nc3 Nc6 6.Bg5 e6 7.Qd2 a6 8.O-O-O Bd7
9.g3 h6 10.Bxf6 Qxf6 11.Nxc6 Bxc6 12.Bg2 Qd8 13.Rhe1 Be7 14.Kb1 O-O 15.f4 Qb6
16.Re3 Bf6 17.Rde1 Rfd8 18.Nd1 Rac8 19.Rb3 Qc5 20.Ne3 a5 21.Ng4 Be7 22.f5 Bg5
23.Ne3 d5 24.exd5 exd5 25.h4 d4  0-1

[Event "Open"]
[Site "Trinec CZE"]
[Date "2001.12.30"]
[Round "5"]
[White "Kislov,M"]
[Black "Michenka,J"]
[Result "1-0"]
[WhiteElo "2372"]
[BlackElo "2323"]

1.e4 c5 2.Nf3 Nc6 3.d4 cxd4 4.Nxd4 Nf6 5.Nc3 d6 6.Bg5 e6 7.Qd2 a6 8.Nb3 b5
9.f3 Be7 10.h4 Qc7 11.O-O-O Bd7 12.Kb1 Ne5 13.h5 h6 14.Bxf6 gxf6 15.f4 Nc4
16.Bxc4 bxc4 17.Nd4 Rb8 18.f5 Qc5 19.Rh3 Kd8 20.Rg3 Rh7 21.Nde2 Kc7 22.Nf4 Qe5
23.Qe3 Bc6 24.fxe6 fxe6 25.Rd4 Kd7 26.Rxc4 d5 27.exd5 exd5 28.Nfxd5 Bxd5
29.Qxe5 fxe5 30.Nxd5 Rf7 31.a4 Rf1+ 32.Ka2 Bg5 33.Rd3 Ke6 34.Rc6+ Kf7 35.Ne3 Rf2
36.Ng4 Rxc2 37.Nxe5+ Ke8 38.Rxc2  1-0

[Event "6th Open"]
[Site "Bad Zwesten GER"]
[Date "2002.01.07"]
[Round "5"]
[White "Naiditsch,A"]
[Black "Bischoff,K"]
[Result "1/2-1/2"]
[WhiteElo "2532"]
[BlackElo "2558"]

1.e4 c5 2.Nf3 d6 3.d4 cxd4 4.Nxd4 Nf6 5.Nc3 Nc6 6.Bg5 e6 7.Qd2 Qb6 8.Nb3 a6
9.O-O-O Qc7 10.Bxf6 gxf6 11.Kb1 Bd7 12.h4 O-O-O 13.f4 Kb8 14.Be2 Na5 15.Qd4 Be7
16.Bh5 Rhf8 17.f5 Rc8 18.Nxa5 Qxa5 19.Rhf1 Qc5 20.Qd3 Qe5 21.Rf3 Rc5 22.g4 b5
23.Ne2 Bc6 24.Re3 Bb7 25.Nd4 Rc4 26.b3 Rcc8 27.c3 Ka8 28.Nf3 Qc5 29.fxe6 fxe6
30.Nd4 Qe5  1/2-1/2

[Event "TCh-ISR"]
[Site "ISR"]
[Date "2002.01.12"]
[Round "1"]
[White "Liss,E"]
[Black "Karpman,V"]
[Result "1/2-1/2"]
[WhiteElo "2501"]
[BlackElo "2371"]

1.e4 c5 2.Nf3 d6 3.d4 cxd4 4.Nxd4 Nf6 5.Nc3 Nc6 6.Bg5 e6 7.Qd2 Be7 8.O-O-O O-O
9.f3 Nxd4 10.Qxd4 Qa5 11.Qd2 Bd7 12.Kb1 Kh8 13.h4 Rac8 14.Bd3 e5 15.Nd5 Qxd2
16.Rxd2 Nxd5 17.exd5 Bd8 18.c4 f5 19.Be3 e4 20.fxe4 fxe4 21.Be2 Bb6 22.Bxb6 axb6
23.g4 Rf2 24.Rc2 Rcf8 25.Re1 Kg8 26.Rc3 R8f4 27.Re3 Kf7 28.Bd1 Bxg4 29.Bxg4 Rxg4
30.Rxe4 Rgg2 31.Re7+ Kg6 32.R7e6+ Kf5 33.Rxd6 Rxb2+ 34.Kc1 Rgc2+ 35.Kd1 Rh2
36.Kc1 Rhc2+ 37.Kd1 Rxc4 38.Rde6 Rb1+ 39.Kd2 Rd4+ 40.Kc3 Rxe1 41.Rxe1 Rxd5
42.Re7 Kf6  1/2-1/2

[Event "18th Open"]
[Site "Skopje MKD"]
[Date "2002.01.16"]
[Round "2"]
[White "Stanojoski,Z"]
[Black "Georgiev,Vl"]
[Result "1/2-1/2"]
[WhiteElo "2455"]
[BlackElo "2560"]

1.e4 c5 2.Nf3 Nc6 3.d4 cxd4 4.Nxd4 Nf6 5.Nc3 d6 6.Bg5 a6 7.Qd2 Qb6 8.Nb3 e6
9.O-O-O Qc7 10.f4 b5 11.Kb1 Bb7 12.Bd3 Be7 13.Rhe1 h6 14.Bxf6 Bxf6 15.Bxb5 Bxc3
16.Bxc6+ Qxc6 17.bxc3 O-O 18.Qxd6 Qxc3 19.Qc5 Qf6 20.g3 Rac8 21.Qb4 Rc7 22.Qd4 e5
23.fxe5 Qe6 24.Qd6 Qc4 25.Rd2 Re8 26.Re3 Rce7 27.Rd4 Qf1+ 28.Kb2 Rxe5 29.Rb4 Qg1
30.Qd4 Bc6 31.Rb6 Bb5 32.h4 R5e7 33.Rd6 Kh7  1/2-1/2

[Event "XXVII Open"]
[Site "Seville ESP"]
[Date "2002.01.17"]
[Round "7"]
[White "Spraggett,K"]
[Black "Estremera Panos,S"]
[Result "1-0"]
[WhiteElo "2541"]
[BlackElo "2385"]

1.e4 c5 2.Nf3 Nc6 3.d4 cxd4 4.Nxd4 Nf6 5.Nc3 d6 6.Bg5 e6 7.Qd2 Be7 8.O-O-O O-O
9.Nb3 Qb6 10.f3 a6 11.g4 Qc7 12.Be3 b5 13.g5 Nd7 14.Qf2 Rb8 15.Kb1 Nb6 16.h4 Na4
17.Ne2 Ne5 18.Bc1 Nc4 19.f4 Bb7 20.Bg2 Rfc8 21.Ng3 d5 22.Rd3 dxe4 23.Bxe4 Nd6
24.Bxb7 Qxb7 25.Re1 Rd8 26.h5 Nc4 27.f5 exf5 28.Nxf5 Bf8 29.Rg3 Nd6 30.g6 Nxf5
31.Qxf5 Qd7 32.gxh7+ Kh8 33.Qf2 Kxh7 34.Rf1 Rb7 35.Rf3 f6 36.h6 gxh6 37.Rxf6 Bg7
38.Rh1 Qd5 39.Rfxh6+ Bxh6 40.Rxh6+ Kg8 41.Qh4  1-0

[Event "TCh-ISR"]
[Site "ISR"]
[Date "2002.01.18"]
[Round "2"]
[White "Stisis,Y"]
[Black "Tyomkin,D"]
[Result "1/2-1/2"]
[WhiteElo "2401"]
[BlackElo "2501"]

1.e4 c5 2.Nf3 d6 3.d4 cxd4 4.Nxd4 Nf6 5.Nc3 Nc6 6.Bg5 e6 7.Qd2 Nxd4 8.Qxd4 Be7
9.Bb5+ Bd7 10.O-O a6 11.Bxd7+ Qxd7 12.Rad1 Rc8 13.Rfe1 Qc6  1/2-1/2

[Event "Corus Tens"]
[Site "Wijk aan Zee NED"]
[Date "2002.01.18"]
[Round "1"]
[White "Van Blitterswijk,S"]
[Black "Berkvens,J"]
[Result "1-0"]
[WhiteElo "2384"]
[BlackElo "2461"]

1.e4 c5 2.Nf3 d6 3.d4 cxd4 4.Nxd4 Nf6 5.Nc3 Nc6 6.Bg5 Bd7 7.Be2 a6 8.Bxf6 gxf6
9.Nf5 Qa5 10.O-O Bxf5 11.exf5 Qxf5 12.Nd5 Kd8 13.c4 e6 14.Bg4 Qe4 15.Nxf6 Qxc4
16.Rc1 Qd4 17.Qf3 Be7 18.Rxc6 bxc6 19.Qxc6 Ra7 20.Rd1 Qxb2 21.Nd5 Qb5 22.Nxe7 Rd7
23.Qa8+ Kxe7 24.Qxh8 Qc4 25.Bh5  1-0

[Event "18th Open"]
[Site "Skopje MKD"]
[Date "2002.01.19"]
[Round "5"]
[White "Paramos Dominguez,R"]
[Black "Palac,M"]
[Result "0-1"]
[WhiteElo "2381"]
[BlackElo "2580"]

1.e4 c5 2.Nf3 d6 3.d4 cxd4 4.Nxd4 Nf6 5.Nc3 Nc6 6.Bg5 e6 7.Qd2 a6 8.O-O-O Bd7
9.f4 b5 10.Bxf6 gxf6 11.Nxc6 Bxc6 12.Qe1 Ra7 13.Bd3 Qb6 14.Kb1 h5 15.f5 a5
16.fxe6 fxe6 17.Qf1 b4 18.Nd5 exd5 19.exd5 Bxd5 20.Qxf6 Rg8 21.Bg6+ Rxg6
22.Qxg6+ Bf7 23.Qf6 Bg7 24.Rhe1+ Kf8 25.Rxd6 Bxf6 26.Rxb6 Kg7 27.g3 Be7 28.h3 a4
29.g4 h4 30.Rb5 Rc7 31.Rbe5 Bf6 32.R5e4 Bg6 33.Rxb4 Rxc2  0-1

[Event "18th Open"]
[Site "Skopje MKD"]
[Date "2002.01.19"]
[Round "5"]
[White "Nedev,T"]
[Black "Damaso,R"]
[Result "0-1"]
[WhiteElo "2487"]
[BlackElo "2412"]

1.e4 c5 2.Nf3 d6 3.d4 cxd4 4.Nxd4 Nf6 5.Nc3 Nc6 6.Bg5 e6 7.Qd2 Qb6 8.Nb3 a6
9.Bd3 Be7 10.O-O Qc7 11.Rae1 b5 12.Kh1 b4 13.Nd1 a5 14.c3 O-O 15.f4 h6 16.Bxf6 Bxf6
17.cxb4 Nxb4 18.Bb1 Ba6 19.Rf3 a4 20.Nd4 Qc5 21.Ne2 Rfc8 22.Ndc3 a3 23.e5 Bh4
24.g3 Bb7 25.Ne4 Bxe4 26.Bxe4 d5 27.Bb1 Bd8 28.bxa3 Nc6 29.Rc1 Qb6 30.Rfc3 Qf2
31.Qd3 Bb6 32.Ng1 Nd8 33.Rxc8 Rxc8 34.Rf1 Qe3 35.Qh7+ Kf8 36.Bc2 Ke7 37.Nf3 Qe2
38.Bd3 Qe3 39.f5 Rc1 40.f6+ gxf6 41.exf6+ Kd6  0-1

[Event "Cup"]
[Site "Kali HUN"]
[Date "2002.01.20"]
[Round "4"]
[White "Resika,N"]
[Black "Istvandi,L"]
[Result "1/2-1/2"]
[WhiteElo "2241"]
[BlackElo "2286"]

1.e4 c5 2.Nf3 d6 3.d4 cxd4 4.Nxd4 Nf6 5.Nc3 Nc6 6.Bg5 Qb6 7.Nb3 e6 8.Qd2 Be7
9.O-O-O O-O 10.f3 Rd8 11.Be3 Qc7 12.Qf2 Nd7 13.f4 a6 14.g4 b5 15.Bd3 Rb8
16.Rhg1 Nb6 17.g5 Na4 18.Ne2 Na5 19.Kb1 Nc4 20.Bc1 Qb6  1/2-1/2

[Event "Corus Tens"]
[Site "Wijk aan Zee NED"]
[Date "2002.01.20"]
[Round "3"]
[White "Iordachescu,V"]
[Black "Berkvens,J"]
[Result "1-0"]
[WhiteElo "2558"]
[BlackElo "2461"]

1.e4 c5 2.Nf3 d6 3.d4 cxd4 4.Nxd4 Nc6 5.Nc3 Nf6 6.Bg5 Bd7 7.Qd2 Rc8 8.Nb3 h6
9.Bxf6 gxf6 10.Bd3 Ne5 11.f4 Nxd3+ 12.Qxd3 f5 13.exf5 Bg7 14.O-O Qb6+ 15.Rf2 Qa6
16.Qe3 Qb6 17.Qg3 Bxc3 18.bxc3 Bxf5 19.Qg7 Rh7 20.Qg3 Kf8 21.Re1 d5 22.Nd4 Be4
23.f5 Rg7 24.Qh3 Rc4 25.f6 exf6 26.Qxh6 f5 27.Qf4 Rg6 28.Rxe4 fxe4 29.Qb8+ Kg7
30.Nf5+ Kh7 31.Nd4 Rf6 32.Rxf6 Qxf6 33.Qxb7 Qf4 34.g3 Rc7 35.Qxd5 Qg4 36.Nf5 Qf3
37.Qd6 Qxf5 38.Qxc7 Qf3 39.Qf4 Qd1+ 40.Qf1 Qd5 41.g4 Kg7 42.Qf2 Qxa2 43.Qd4+ Kf8
44.Qxe4 Qa1+ 45.Kg2 Qxc3 46.h4 a5 47.h5 Kg7 48.Kf2 Qd2+ 49.Kf3 Kg8 50.Qc4 Qd7
51.Ke3 a4 52.Qd4 Qe6+ 53.Kd2 a3 54.Qd8+ Kh7 55.Qd3+ Kh6 56.Qxa3 Qxg4 57.Qf8+ Kxh5
58.Qxf7+ Kh6 59.c4 Qd4+ 60.Kc2 Kg5 61.Qe6 Kf4 62.Kb3 Qc5 63.Ka4 Qd4 64.Kb5 Qb2+
65.Kc6 Qa2 66.Qd5 Qa6+ 67.Kd7 Qa7+ 68.Ke6 Qe3+ 69.Kf6 Qe8 70.Qd6+ Ke3 71.Qe5+  1-0

[Event "GMB"]
[Site "Bermuda BER"]
[Date "2002.01.21"]
[Round "1"]
[White "Blehm,P"]
[Black "Perelshteyn,E"]
[Result "1-0"]
[WhiteElo "2535"]
[BlackElo "2451"]

1.e4 c5 2.Nf3 d6 3.d4 cxd4 4.Nxd4 Nf6 5.Nc3 Nc6 6.Bg5 e6 7.Qd2 a6 8.O-O-O h6
9.Be3 Be7 10.f3 Nxd4 11.Qxd4 b5 12.Kb1 Bb7 13.h4 Rc8 14.Qd2 d5 15.e5 Nd7
16.f4 Bxh4 17.Ne2 Be7 18.Nd4 Nc5 19.f5 Qc7 20.Bf4 Qb6 21.Be2 Ne4 22.Qd3 Bc5
23.fxe6 fxe6 24.Bh5+ Ke7 25.Nb3 Rhf8 26.Rhf1 g5 27.Bc1 b4 28.Rf3 Rf5 29.Rdf1 Rcf8
30.Bg4 R5f7 31.Rxf7+ Rxf7 32.Rxf7+ Kxf7 33.Qf3+ Ke7 34.Qh3 Kd7 35.Qxh6 Be7
36.Qh8 a5 37.Qb8 a4 38.Nd4 Nc5 39.Qg8 b3 40.Bxg5 bxc2+ 41.Kxc2 Qb4 42.Qf7 Qc4+
43.Kb1  1-0

[Event "TCh-ISR"]
[Site "ISR"]
[Date "2002.02.02"]
[Round "4"]
[White "Liss,E"]
[Black "Gershon,A"]
[Result "0-1"]
[WhiteElo "2501"]
[BlackElo "2558"]

1.e4 c5 2.Nf3 d6 3.d4 cxd4 4.Nxd4 Nf6 5.Nc3 Nc6 6.Bg5 e6 7.Qd2 a6 8.O-O-O Qb6
9.Nb3 Be7 10.f3 O-O 11.Be3 Qc7 12.g4 b5 13.g5 Nd7 14.h4 b4 15.Ne2 a5 16.Nbd4 Nce5
17.Nf4 b3 18.Nxb3 Nxf3 19.Qg2 a4 20.Nd4 Nxd4 21.Bxd4 d5 22.e5 Nxe5 23.Nh5 a3
24.b3 Bc5 25.Qg3 Bxd4 26.Rxd4 Bb7 27.Nf6+ Kh8 28.Ng4 Rfc8 29.Bd3 Nxd3+ 30.Qxd3 e5
31.Rb4 d4 32.Rh2 e4 33.Qxd4 Qf4+ 34.Qe3 Qf1+ 35.Kd2 Rd8+ 36.Rd4 Rxd4+ 37.Qxd4 Qf4+
38.Kc3 Qxg4  0-1

[Event "FSGM February"]
[Site "Budapest HUN"]
[Date "2002.02.03"]
[Round "2"]
[White "Balogh,C"]
[Black "Dembo,Y"]
[Result "1-0"]
[WhiteElo "2398"]
[BlackElo "2346"]

1.e4 c5 2.Nf3 Nc6 3.d4 cxd4 4.Nxd4 Nf6 5.Nc3 d6 6.Bg5 e6 7.Qd2 Be7 8.O-O-O O-O
9.f3 Nxd4 10.Qxd4 a6 11.h4 b5 12.Kb1 Qa5 13.Qd2 b4 14.Ne2 e5 15.Nc1 Be6 16.Nb3 Qa4
17.g4 Rfd8 18.Bxf6 Bxf6 19.g5 Be7 20.Bh3 Bc4 21.Nc1 Qa5 22.b3 Bb5 23.Nd3 d5
24.Nxe5 Qc7 25.f4 dxe4 26.Qe3 Qc3 27.Qxe4 Rxd1+ 28.Rxd1 Rd8 29.Rxd8+ Bxd8
30.Bd7 Qd2 31.Bxb5 axb5 32.Nd3 Qd1+ 33.Kb2 Kf8 34.Qxb4+ Be7 35.Qxb5 f6 36.a4 Qg1
37.Qd5 Qa7 38.a5 Qc7 39.a6 Qa7 40.Qc4 Qb6 41.f5 Qa7 42.g6 hxg6 43.fxg6 Ke8
44.Qc8+ Bd8 45.Nc5  1-0

[Event "FSGM February"]
[Site "Budapest HUN"]
[Date "2002.02.04"]
[Round "3"]
[White "Medvegy,Z"]
[Black "Balogh,C"]
[Result "1-0"]
[WhiteElo "2478"]
[BlackElo "2398"]

1.e4 c5 2.Nf3 d6 3.d4 cxd4 4.Nxd4 Nf6 5.Nc3 Nc6 6.Bg5 e6 7.Qd2 Be7 8.O-O-O Nxd4
9.Qxd4 O-O 10.f4 Qa5 11.Bc4 Bd7 12.e5 dxe5 13.fxe5 Bc6 14.Bd2 Nd7 15.Nd5 Qc5
16.Nxe7+ Qxe7 17.Rhe1 Rfd8 18.Qg4 Nf8 19.Bf1 Ng6 20.g3 Qc5 21.Bc3 Qf2 22.Qe2 Qxe2
23.Bxe2 Bd5 24.b3 Ne7 25.Ba5 Rdc8 26.Bb4 Kf8 27.Kb2 Ke8 28.Rd2 a5 29.Ba3 Bc6
30.c4 Rd8 31.Red1 Rxd2+ 32.Rxd2 Ng6 33.Bd6 Rd8 34.Kc3 Rd7 35.Bg4 Ne7 36.Rf2 g6
37.Rd2 Nc8 38.Bc5 Rxd2 39.Kxd2 h5 40.Be2 Kd7 41.Ke3 b6 42.Bd4 Kc7 43.Kf4 Ne7
44.Kg5 Ng8 45.a4 Kb7 46.c5 bxc5 47.Bxc5 Bd5 48.b4 axb4 49.Bxb4 Bc6 50.a5 Ka7
51.h3 Kb7 52.g4 hxg4 53.hxg4 Ka8 54.Bc4 Bd7 55.Bd3 Be8 56.Bc5 Bc6 57.Bxg6 fxg6
58.Kxg6  1-0

[Event "7th HIT Open"]
[Site "Nova Gorica SLO"]
[Date "2002.02.08"]
[Round "9"]
[White "Sax,G"]
[Black "Solak,D"]
[Result "1-0"]
[WhiteElo "2584"]
[BlackElo "2501"]

1.e4 c5 2.Nf3 d6 3.d4 cxd4 4.Nxd4 Nf6 5.Nc3 Nc6 6.Bg5 e6 7.Qd2 a6 8.O-O-O h6
9.Nxc6 bxc6 10.Bf4 d5 11.Qe3 Be7 12.Be2 O-O 13.Qg3 Kh8 14.h4 a5 15.Bc7 Qe8
16.Be5 Rg8 17.Qf4 Nh7 18.exd5 f6 19.d6 Bd8 20.Qd2 fxe5 21.d7 Bxd7 22.Qxd7 Bb6
23.Qxe8 Rgxe8 24.Bf3 Rac8 25.Ne4 Rcd8 26.Nd6 Rf8 27.Nc4 Bxf2 28.Nxe5 Rxd1+
29.Rxd1 Kg8 30.Ng6 Rb8 31.Ne7+ Kf7 32.Nxc6 Rb5 33.Rd7+ Kf6 34.Be4 Nf8 35.Rd3 Bxh4
36.Rf3+ Rf5 37.Bxf5 exf5 38.Nxa5 g5 39.b4 g4 40.Rf1 Bg5+ 41.Kd1 h5 42.Nc4 f4
43.a4 f3 44.gxf3 g3 45.f4 h4 46.fxg5+ Kxg5 47.Rxf8 h3 48.Ne3 h2 49.Rh8  1-0

[Event "XVIII Open"]
[Site "Cappelle la Grande FRA"]
[Date "2002.02.09"]
[Round "1"]
[White "Van den Doel,E"]
[Black "Fernando,D"]
[Result "1-0"]
[WhiteElo "2585"]
[BlackElo "2360"]

1.e4 c5 2.Nf3 d6 3.d4 cxd4 4.Nxd4 Nf6 5.Nc3 Nc6 6.Bg5 e6 7.Qd2 a6 8.O-O-O Nxd4
9.Qxd4 Be7 10.f4 b5 11.Bxf6 gxf6 12.e5 d5 13.Kb1 Rg8 14.f5 b4 15.Ne2 fxe5
16.Qxe5 Bf6 17.Qe3 e5 18.Nf4 d4 19.Qe1 Bb7 20.Nh5 Bh8 21.Qxb4 Qc7 22.Bd3 Rxg2
23.Rhg1 Rxg1 24.Rxg1 O-O-O 25.Ng3 Rg8 26.Rc1 a5 27.Qb3 Kb8 28.Ne4 Ka7 29.c3 Rc8
30.Qa3 Bxe4 31.Bxe4 Bf6 32.Qa4 Be7 33.Rc2 dxc3 34.Rxc3 Bc5 35.Qb5 Qb6 36.Qd7+ Rc7
37.Qd5 Ka6 38.Qa8+ Qa7 39.Bd3+ Kb6 40.Qd5 Qb7  1-0

[Event "XVIII Open"]
[Site "Cappelle la Grande FRA"]
[Date "2002.02.12"]
[Round "4"]
[White "Rizouk,A"]
[Black "Bremond,E"]
[Result "1-0"]
[WhiteElo "2467"]
[BlackElo "2296"]

1.e4 c5 2.Nf3 Nc6 3.d4 cxd4 4.Nxd4 Nf6 5.Nc3 d6 6.Bg5 e6 7.Qd2 a6 8.O-O-O Bd7
9.f3 Qa5 10.h4 b5 11.Kb1 Nxd4 12.Qxd4 b4 13.Bxf6 gxf6 14.Ne2 e5 15.Qd2 Be6
16.Nc1 h5 17.f4 Qc5 18.Nd3 Qc4 19.Nxb4 Qxe4 20.f5 Qxf5 21.Nxa6 Rc8 22.Bb5+ Bd7
23.Rhf1 Qg6 24.Bxd7+ Kxd7 25.Nb4 Be7 26.Nd5 Rc6 27.Qf2 Ra8 28.Nb6+ Rxb6 29.Qxb6 Qxg2
30.Rxf6 Ke8 31.Rfxd6 Bxd6 32.Qxd6 Qe4 33.Rg1 f6 34.Qe6+  1-0

[Event "XVIII Open"]
[Site "Cappelle la Grande FRA"]
[Date "2002.02.13"]
[Round "5"]
[White "Iordachescu,V"]
[Black "Fernando,D"]
[Result "1-0"]
[WhiteElo "2558"]
[BlackElo "2360"]

1.e4 c5 2.Nf3 d6 3.d4 cxd4 4.Nxd4 Nf6 5.Nc3 Nc6 6.Bg5 e6 7.Qd2 Be7 8.O-O-O Nxd4
9.Qxd4 a6 10.f4 b5 11.Be2 Bb7 12.Bf3 O-O 13.Bxf6 gxf6 14.Kb1 Qc7 15.f5 e5
16.Qf2 b4 17.Nd5 Bxd5 18.Rxd5 Kh8 19.Rc1 Rab8 20.Be2 Rg8 21.b3 a5 22.Bc4 Rg4
23.Qe2 Rbg8 24.g3 R4g7 25.c3 bxc3 26.Rxc3 Rb8 27.Qe3 Bd8 28.Qd2 Be7 29.Bb5 Qb6
30.Rc6 Qg1+ 31.Rc1 Qa7 32.Bc4 Qb7 33.Qxa5 Ra8 34.Qe1 Qa7 35.Rd2 Bd8 36.Bd5 Rb8
37.Rdc2 Bb6 38.Rc8+ Rg8 39.Rxg8+ Kxg8 40.a4 Bc5 41.Ka2 Rb6 42.Rc4 Qb8 43.Qc3 Kg7
44.Qf3 Qa7 45.Qg4+ Kh8 46.Qh5 Kg7 47.g4 h6 48.h4 Be3 49.g5 fxg5 50.f6+  1-0

[Event "FSGM February"]
[Site "Budapest HUN"]
[Date "2002.02.14"]
[Round "13"]
[White "Sedlak,N"]
[Black "Dembo,Y"]
[Result "1/2-1/2"]
[WhiteElo "2442"]
[BlackElo "2346"]

1.e4 c5 2.Nf3 Nc6 3.d4 cxd4 4.Nxd4 Nf6 5.Nc3 d6 6.Bg5 e6 7.Qd2 a6 8.O-O-O h6
9.Be3 Be7 10.f4 Nxd4 11.Bxd4 b5 12.Qe3 Qc7 13.e5 dxe5 14.fxe5 Nd7 15.Ne4 Bb7
16.Nd6+ Qxd6 17.exd6 Bg5  1/2-1/2

[Event "XVIII Open"]
[Site "Cappelle la Grande FRA"]
[Date "2002.02.14"]
[Round "6"]
[White "Philippe,C"]
[Black "Marcelin,C"]
[Result "0-1"]
[WhiteElo "2325"]
[BlackElo "2455"]

1.e4 c5 2.Nf3 Nc6 3.d4 cxd4 4.Nxd4 Nf6 5.Nc3 d6 6.Bg5 e6 7.Qd2 Be7 8.O-O-O Nxd4
9.Qxd4 O-O 10.Bxf6 Bxf6 11.Qxd6 Qa5 12.Rd3 b6 13.f4 Ba6 14.Rh3 Rfd8 15.Qa3 Qxa3
16.bxa3 Bb7 17.e5 Be7 18.Kb2 Rd4 19.Rd3 Rad8 20.Nb5 Rxf4 21.Rxd8+ Bxd8 22.Be2 Be7
23.Rd1 Bd5 24.Nxa7 g5 25.Nc8 Bc5 26.h3 Rf2 27.Bf1 Bxg2 28.Bxg2 Rxg2 29.Rd3 h5
30.Rb3 h4 31.Nxb6 g4 32.hxg4 Bd4+ 33.Kc1 Bxb6 34.Rh3 Rxg4 35.Kb2 Bd4+ 36.c3 Bxe5
37.Kb3 Bxc3 38.a4 Rg3 39.Rh1 Ba5+ 40.Kc4 Rg4+ 41.Kb5 Rg5+  0-1

[Event "XVIII Open"]
[Site "Cappelle la Grande FRA"]
[Date "2002.02.16"]
[Round "8"]
[White "Rizouk,A"]
[Black "Czarnota,P"]
[Result "1/2-1/2"]
[WhiteElo "2467"]
[BlackElo "2194"]

1.e4 c5 2.Nf3 Nc6 3.d4 cxd4 4.Nxd4 Nf6 5.Nc3 d6 6.Bg5 e6 7.Qd2 a6 8.O-O-O Bd7
9.f4 b5 10.Bxf6 gxf6 11.Nxc6 Bxc6 12.Qe3 Qe7 13.Kb1 Qa7 14.Qe1 O-O-O 15.Bd3 Qc5
16.Rg1 h5 17.Ne2 Be7 18.Nc1 d5 19.Nb3 Qb6 20.Rc1 Bc5 21.Nxc5 Qxc5 22.exd5 Rxd5
23.Be4 Rd4 24.Bxc6 Qxc6 25.Qg3 Rhd8 26.Qh4 f5 27.Qxh5 R8d7 28.g3 Qd5 29.h3 Rd2
30.Qh8+ Kb7 31.Qf8 Qd4 32.a3 a5 33.Rge1 Qc4 34.Qg7 Rc7 35.b3 Qc3 36.Qxc3 Rxc3
37.Rg1 Rh2 38.Kb2 b4 39.axb4 axb4 40.Rgd1 Kc6 41.Rd4 Kc5 42.Rd7 Rxg3 43.Rxf7  1/2-1/2

[Event "ch-Serbia"]
[Site "Leskovac YUG"]
[Date "2002.02.18"]
[Round "4"]
[White "Perunovic,Mil"]
[Black "Arsovic,Z"]
[Result "1/2-1/2"]
[WhiteElo "2469"]
[BlackElo "2404"]

1.e4 c5 2.Nf3 d6 3.d4 cxd4 4.Nxd4 Nf6 5.Nc3 Nc6 6.Bg5 e6 7.Qd2 Qb6 8.Nb3 a6
9.O-O-O Qc7 10.f3 Be7 11.g4 h5 12.gxh5 Rxh5 13.f4 b5 14.Bg2 Bb7 15.Qe2 Rh8
16.e5 dxe5 17.fxe5 Nd5 18.Bxe7 Ncxe7 19.Bxd5 Bxd5 20.Rhg1 g6 21.Nd2 Rh5 22.Nf3 Rc8
23.Ng5 Bc6 24.Nce4 Bxe4 25.Nxe4 Rxe5 26.Nf6+ Kf8 27.Nd7+ Qxd7 28.Qxe5 Nd5
29.Kb1 Qc7 30.Qe2 Qc4 31.Qd3 Ke7 32.Rge1 Qxd3 33.Rxd3 Kd6 34.Ra3 Rc6 35.Rh3 g5
36.Rh7 f6 37.c3 e5 38.h4 gxh4 39.Rxh4 Ke6 40.a4 bxa4 41.Rxa4 f5 42.c4 Nf6
43.b4 f4 44.b5 axb5 45.cxb5 Rc5 46.Rxf4  1/2-1/2

[Event "ch-Serbia"]
[Site "Leskovac YUG"]
[Date "2002.02.21"]
[Round "7"]
[White "Aksentijevic,M"]
[Black "Bogosavljevic,B"]
[Result "1/2-1/2"]
[WhiteElo "2169"]
[BlackElo "2273"]

1.e4 c5 2.Nf3 Nc6 3.d4 cxd4 4.Nxd4 Nf6 5.Nc3 d6 6.Bg5 Qb6 7.Nb3 e6 8.Qd2 a6
9.O-O-O Qc7 10.f4 Be7 11.Be2 b5 12.Bf3 Bb7 13.Rhe1 O-O-O 14.Qe3 h6 15.Bh4 g5
16.fxg5 Nh7 17.Bg3 Bxg5 18.Bf4 Ne5 19.Bxg5 hxg5 20.h3 Kb8 21.Kb1 Rc8 22.Qd4 Rhd8
23.Be2 Nc6 24.Qd2 Qb6 25.Bf1 Ne5 26.Qd4 Qxd4 27.Rxd4 Nc6 28.Rd2 Ne5 29.Rd4 Nf6
30.Red1 Ne8 31.Na5 Nc6 32.Nxc6+ Bxc6 33.a3 Kc7 34.a4 Rb8 35.axb5 axb5 36.Rb4 Nf6
37.Kc1 d5 38.exd5 Nxd5 39.Nxd5+ Rxd5 40.Rxd5 Bxd5 41.g3 Bc6 42.c4 bxc4 43.Rxb8 Kxb8
44.Bxc4 Kc7 45.Kd2 Kd6 46.Ke3 Ke5 47.h4 gxh4 48.gxh4 f5 49.b4 f4+ 50.Kf2 Kf5
51.b5 Bb7 52.Be2 e5 53.Bh5 e4 54.Be8 e3+ 55.Ke1  1/2-1/2

[Event "ONCE Blind"]
[Site "Linares ESP"]
[Date "2002.02.24"]
[Round "2"]
[White "Krylov,Se"]
[Black "Dukaczewski,P"]
[Result "1-0"]
[WhiteElo "2370"]
[BlackElo "2337"]

1.e4 c5 2.Nf3 Nc6 3.d4 cxd4 4.Nxd4 Nf6 5.Nc3 d6 6.Bg5 e6 7.Qd2 a6 8.O-O-O Bd7
9.f4 h6 10.Bh4 g5 11.fxg5 Ng4 12.Be2 Nge5 13.Bf2 hxg5 14.h3 b5 15.Rdf1 b4
16.Nd1 a5 17.Nb5 Qb8 18.Ne3 a4 19.Rd1 b3 20.cxb3 axb3 21.a3 d5 22.exd5 Bb4
23.Nc3 Ne7 24.Bg3 N7g6 25.Ng4 Nf4 26.Bxf4 gxf4 27.Nf6+ Ke7 28.Nxd7 Nxd7 29.dxe6 Nf6
30.exf7 Rc8 31.Kb1 Bxc3 32.bxc3 Rxa3 33.Rhe1 Kxf7 34.Bh5+ Kg7 35.Re7+ Kh6
36.Re6 Rf8 37.Qd3 Ra1+ 38.Kb2 Ra2+ 39.Kb1 Ra1+ 40.Kxa1 Qa8+ 41.Ra6 Qxg2 42.Bf3 Qf2
43.Qe2 Qc5 44.Kb2 Kh7 45.Qd3+ Kh8 46.Qd4  1-0

[Event "Mario Covas Jr"]
[Site "Sao Paulo BRA"]
[Date "2002.02.27"]
[Round "8"]
[White "Leitao,R"]
[Black "Zarnicki,P"]
[Result "1/2-1/2"]
[WhiteElo "2571"]
[BlackElo "2493"]

1.e4 c5 2.Nf3 d6 3.d4 cxd4 4.Nxd4 Nf6 5.Nc3 Nc6 6.Bg5 e6 7.Qd2 Be7 8.O-O-O Nxd4
9.Qxd4 O-O 10.h4 h6 11.Bxf6 Bxf6 12.Qxd6 Qa5 13.Qg3 a6 14.Kb1 Be5 15.f4 Bxc3
16.Qxc3 Qxc3 17.bxc3 b5 18.Rh3 e5 19.f5 Bb7 20.Re3 Rfc8 21.Rd7 Rab8 22.Be2 Bc6
23.Re7 Re8 24.Ra7 Ra8 25.Rxa8 Rxa8 26.c4 Kf8 27.g4 Ke7 28.Ra3 Kd6 29.cxb5 axb5
30.Rxa8 Bxa8 31.Bd3 Kc5 32.c3 Bc6 33.Kc2 Be8 34.Kd2 f6 35.Bc2 Bc6  1/2-1/2

[Event "Open"]
[Site "Malaga ESP"]
[Date "2002.02.28"]
[Round "7"]
[White "Cabrera,A"]
[Black "Fernando,D"]
[Result "1-0"]
[WhiteElo "2440"]
[BlackElo "2360"]

1.e4 c5 2.Nf3 d6 3.d4 cxd4 4.Nxd4 Nf6 5.Nc3 Nc6 6.Bg5 e6 7.Qd2 Qb6 8.Nb3 a6
9.O-O-O Qc7 10.f3 Rb8 11.Kb1 b5 12.h4 Ne5 13.h5 h6 14.Bxf6 gxf6 15.f4 Nc4
16.Qe2 Rg8 17.Rh3 Bd7 18.Rf3 Be7 19.g3 Rc8 20.Rc1 b4 21.Nd1 a5 22.c3 a4 23.Qxc4 Qxc4
24.Bxc4 Rxc4 25.Nd2 Rc5 26.cxb4 Rxh5 27.Ne3 Rh2 28.Ndf1 Re2 29.a3 f5 30.exf5 exf5
31.Nc4 Be6 32.Re3 Rxe3 33.Ncxe3 Kd7 34.Nc4 Bd8 35.b5 h5 36.b3 axb3 37.Kb2 h4
38.gxh4 Rg4 39.Nfe3 Rxf4 40.a4 Rf2+ 41.Kxb3 f4 42.Nc2 Bb6 43.Nb4 f3 44.Rd1 Bc5
45.Nd3 Bd4 46.Nxf2 Bxf2 47.Rxd6+ Kc7 48.Rd3  1-0

[Event "Open"]
[Site "Malaga ESP"]
[Date "2002.02.28"]
[Round "7"]
[White "Herrera,I"]
[Black "Damaso,R"]
[Result "1/2-1/2"]
[WhiteElo "2474"]
[BlackElo "2412"]

1.e4 c5 2.Nf3 d6 3.d4 cxd4 4.Nxd4 Nf6 5.Nc3 Nc6 6.Bg5 e6 7.Qd2 Qb6 8.Nb3 a6
9.O-O-O Qc7 10.f3 Rb8 11.Nd4 Bd7 12.Kb1 Be7 13.h4 Ne5 14.f4 Neg4 15.h5 b5
16.Re1 b4 17.Nd1 h6 18.Bh4 O-O 19.Bd3 e5 20.Nf3  1/2-1/2

[Event "Anibal Open"]
[Site "Linares ESP"]
[Date "2002.03.02"]
[Round "2"]
[White "Rasmussen,K"]
[Black "Kotronias,V"]
[Result "1/2-1/2"]
[WhiteElo "2397"]
[BlackElo "2568"]

1.e4 c5 2.Nf3 Nc6 3.d4 cxd4 4.Nxd4 Nf6 5.Nc3 d6 6.Bg5 e6 7.Qd2 Be7 8.O-O-O O-O
9.f4 Nxd4 10.Qxd4 Qa5 11.Bc4 Bd7 12.e5 dxe5 13.fxe5 Bc6 14.Bd2 Nd7 15.Nd5 Qd8
16.Nxe7+ Qxe7 17.Rhe1 Rfc8 18.Kb1 Nf8 19.Bd3 Ng6 20.Bxg6 hxg6 21.h4 Rd8 22.Qg4 Qc5
23.Bc3 Qf2 24.g3 Rd5 25.Rxd5 Bxd5 26.Qg5 Rc8 27.Qe3 Qh2 28.Re2 Qh1+ 29.Re1 Qh3
30.b3 b5 31.Kb2 Qg4 32.a3 a6 33.Rf1 Qh3 34.Rf2 Qh1 35.Qf4 Rc7 36.Rf1 Qh3
37.Rf2 Qh1 38.Rf1 Qg2 39.Rf2 Qg1 40.Rf1 Qc5 41.Qd4 Qxd4 42.Bxd4 Be4 43.Rf2 g5
44.hxg5 Kh7 45.Re2 Bf5 46.Be3 Kg6 47.Rd2 Be4 48.c3 Kf5 49.Rd4 Rb7  1/2-1/2

[Event "ch-RUS Boys U20"]
[Site "Vladimir RUS"]
[Date "2002.03.04"]
[Round "4"]
[White "Panarin,M"]
[Black "Bocharov,D"]
[Result "1-0"]
[WhiteElo "2413"]
[BlackElo "2452"]

1.e4 c5 2.Nf3 Nc6 3.d4 cxd4 4.Nxd4 Nf6 5.Nc3 d6 6.Bg5 Qb6 7.Nb3 e6 8.Qd2 a6
9.O-O-O Qc7 10.f3 b5 11.Be3 Rb8 12.Nd4 Ne5 13.Ndxb5 axb5 14.Nxb5 Rxb5 15.Bxb5+ Bd7
16.Bxd7+ Nfxd7 17.Bd4 Nc6 18.Qc3 e5 19.Be3 Be7 20.Rd3 O-O 21.Qc4 Rc8 22.Kb1 h6
23.Rhd1 Nf8 24.Rc3 Ne6 25.Qa6 Qd7 26.Rc4 Qe8 27.b4 Rc7 28.Qb6 Bd8 29.Rxd6 Ncd4
30.Qa6 Bg5 31.Bxd4 Rxc4 32.Qxc4 exd4 33.g3 Qe7 34.e5 Qb7 35.Rd5 Bd2 36.a3 Bc3
37.Ka2 Qa8 38.Kb3 Ng5 39.Rc5 Kh7 40.Qd5 Qa6 41.f4 Ne6 42.Rc4 g6 43.a4 Kg7
44.a5 Qa7 45.Qc6 Be1 46.Ka4  1-0

[Event "Anibal Open"]
[Site "Linares ESP"]
[Date "2002.03.06"]
[Round "6"]
[White "Cheparinov,I"]
[Black "Estremera Panos,S"]
[Result "1-0"]
[WhiteElo "2450"]
[BlackElo "2385"]

1.e4 c5 2.Nf3 d6 3.d4 cxd4 4.Nxd4 Nf6 5.Nc3 Nc6 6.Bg5 e6 7.Qd2 Be7 8.O-O-O Qb6
9.Nb3 O-O 10.f3 a6 11.g4 Qc7 12.Be3 b5 13.g5 Nd7 14.Qf2 Rb8 15.Kb1 Nb6 16.f4 Na4
17.Ne2 d5 18.f5 Rd8 19.Bg2 dxe4 20.f6 Bf8 21.Rxd8 Nxd8 22.Bf4 e5 23.fxg7 Bxg7
24.Be3 Ne6 25.Ng3 Nf4 26.Bxe4 Be6 27.Qf3 Rc8 28.Nh5 Bd5 29.Bxf4 Qxc2+ 30.Bxc2 Bxf3
31.Nxg7 Bxh1 32.Bxe5 Nb6 33.Nh5 Nd7 34.Bd4 Re8 35.Bd3 Be4 36.Kc2 Bg6 37.Ng3 Ne5
38.Bxg6 fxg6 39.Ne4 Rc8+ 40.Nbc5 Nf3 41.Bf6 Nxh2 42.Kd3 a5 43.Kd4 Ng4 44.Kd5 b4
45.b3 Ra8 46.Kc6 Rf8 47.Ne6 Rc8+ 48.Nc7 Rb8 49.Nd5 Kf7 50.Nd6+ Ke6 51.Nc7+  1-0